MARC details
| 000 -LEADER |
| fixed length control field |
00955nam a2200229 a 4500 |
| 008 - FIXED-LENGTH DATA ELEMENTS--GENERAL INFORMATION |
| fixed length control field |
120619s2003 ||||||||||||||||| || u |
| 020 ## - INTERNATIONAL STANDARD BOOK NUMBER |
| International Standard Book Number |
9241545755 |
| 050 ## - LIBRARY OF CONGRESS CALL NUMBER |
| Classification number |
RD 49 Wor (BOX 220) |
| 110 ## - MAIN ENTRY--CORPORATE NAME |
| Corporate name or jurisdiction name as entry element |
World Health Organization (WHO) |
| 245 10 - TITLE STATEMENT |
| Title |
Surgical care at the district hospital |
| Statement of responsibility, etc. |
by World Health Organization |
| 260 ## - PUBLICATION, DISTRIBUTION, ETC. |
| Place of publication, distribution, etc. |
Geneva: |
| Name of publisher, distributor, etc. |
WHO |
| Date of publication, distribution, etc. |
2003 |
| 300 ## - PHYSICAL DESCRIPTION |
| Extent |
xiv, various pagings.: ill. |
| 500 ## - GENERAL NOTE |
| General note |
Blue Trunk Library Collection (WHO). Bibliography |
| 650 ## - SUBJECT ADDED ENTRY--TOPICAL TERM |
| Topical term or geographic name entry element |
HOSPITALS, DISTRICTS--ORGANIZATION AND ADMINISTRATION |
| 650 ## - SUBJECT ADDED ENTRY--TOPICAL TERM |
| Topical term or geographic name entry element |
SURGERY--METHOD |
| 650 ## - SUBJECT ADDED ENTRY--TOPICAL TERM |
| Topical term or geographic name entry element |
PREGNANCY COMPLICATIONS--SURGERY |
| 650 ## - SUBJECT ADDED ENTRY--TOPICAL TERM |
| Topical term or geographic name entry element |
MANUALS |
| 650 ## - SUBJECT ADDED ENTRY--TOPICAL TERM |
| Topical term or geographic name entry element |
SURGICAL PROCEDURES, OPERATIVE--METHODS |
| 650 ## - SUBJECT ADDED ENTRY--TOPICAL TERM |
| Topical term or geographic name entry element |
WOUNDS AND INJURIES--SURGERY |
| 650 ## - SUBJECT ADDED ENTRY--TOPICAL TERM |
| Topical term or geographic name entry element |
ANESTHESIA--METHODS |
| 995 ## - |
| -- |
MEDICAL LIBRARY OPEN ACCESS |
| -- |
743138 |
| -- |
CBU-SCHOOL OF MEDICINE LIBRARY (Ndola) |
| -- |
BTL RD 49 Wor (BOX 220) |
| -- |
1 |
| -- |
AVAILABLE |
| -- |
Jun 22, 2012 |
| -- |
743138 |
| -- |
Medical Library Open Access Collection |
| 999 ## - |
| -- |
32792 |
| -- |
32792 |